The Netherlands Tile Select - Statistics

General Stats
  • This quiz has been taken 848 times
    24 since last reset
  • The average score is 71 of 96
Answer Stats
Question Tile Select % Correct
Dutch Cities (with over 150.000 population) Amsterdam Yes
100%
Dutch Cities (with over 150.000 population) Bremen No
100%
Dutch Cities (with over 150.000 population) Dortmund No
100%
Dutch Cities (with over 150.000 population) Eindhoven Yes
100%
Dutch Cities (with over 150.000 population) Essen No
100%
Dutch Cities (with over 150.000 population) Paramaribo No
100%
Dutch Cities (with over 150.000 population) Rotterdam Yes
100%
Dutch Cities (with over 150.000 population) Utrecht Yes
100%
Dutch provines Belgium No
96%
Dutch Cities (with over 150.000 population) Bruges No
96%
Dutch provines Friesland Yes
96%
Dutch Cities (with over 150.000 population) Ghent No
96%
Dutch provines Holland No
96%
Dutch provines Luxembourg No
96%
Dutch provines The Hague No
96%
Dutch provines Amsterdam No
92%
Dutch companies (listed on the stock market of Amsterdam) Audi No
92%
Dutch Cities (with over 150.000 population) Bergen No
92%
Dutch provines Flanders No
92%
Countries that where once in the Dutch Empire (or only a part of the country) Indonesia Yes
92%
Countries that where once in the Dutch Empire (or only a part of the country) Morocco No
92%
Dutch provines North Holland Yes
92%
Dutch provines Rotterdam No
92%
Countries that where once in the Dutch Empire (or only a part of the country) Suriname Yes
92%
Dutch Cities (with over 150.000 population) The Hague Yes
92%
Dutch provines Zeeland Yes
92%
Dutch companies (listed on the stock market of Amsterdam) Adidas No
88%
Dutch Cities (with over 150.000 population) Antwerp No
88%
Countries that where once in the Dutch Empire (or only a part of the country) Canada No
88%
Dutch inventions Cigar No
88%
Countries that where once in the Dutch Empire (or only a part of the country) DR Congo No
88%
Dutch provines Flevoland Yes
88%
Dutch provines Gelderland Yes
88%
Dutch provines Groningen Yes
88%
Dutch companies (listed on the stock market of Amsterdam) Heineken Yes
88%
Dutch provines Limburg Yes
88%
Dutch companies (listed on the stock market of Amsterdam) Nestlé No
88%
Dutch provines North Brabant Yes
88%
Dutch provines Utrecht Yes
88%
Dutch inventions Beer No
83%
Countries that where once in the Dutch Empire (or only a part of the country) Cameroon No
83%
Dutch provines Drenthe Yes
83%
Dutch provines Overijssel Yes
83%
Dutch provines South Brabant No
83%
Dutch provines South Holland Yes
83%
Countries that where once in the Dutch Empire (or only a part of the country) Thailand No
83%
Dutch inventions Dynamite No
79%
Dutch Cities (with over 150.000 population) Groningen Yes
79%
Dutch companies (listed on the stock market of Amsterdam) Mastercard No
79%
Countries that where once in the Dutch Empire (or only a part of the country) South Africa Yes
79%
Countries that where once in the Dutch Empire (or only a part of the country) Belgium Yes
75%
Dutch inventions Bicycle No
75%
Dutch inventions Fries No
75%
Dutch companies (listed on the stock market of Amsterdam) Gillette No
75%
Dutch companies (listed on the stock market of Amsterdam) KLM Yes
75%
Dutch inventions Microscope Yes
75%
Dutch Cities (with over 150.000 population) Nijmegen Yes
75%
Dutch companies (listed on the stock market of Amsterdam) Philips Yes
75%
Dutch inventions Stock Market Yes
75%
Dutch inventions Television No
75%
Countries that where once in the Dutch Empire (or only a part of the country) United States Yes
75%
Dutch inventions Compass No
71%
Dutch companies (listed on the stock market of Amsterdam) H&M No
71%
Dutch companies (listed on the stock market of Amsterdam) ING Yes
71%
Dutch inventions Lightbulb No
71%
Dutch inventions Paper Money No
71%
Dutch companies (listed on the stock market of Amsterdam) John Deere No
67%
Dutch Cities (with over 150.000 population) Tilburg Yes
67%
Dutch companies (listed on the stock market of Amsterdam) Unilever Yes
67%
Dutch inventions Orange Carrots Yes
63%
Dutch companies (listed on the stock market of Amsterdam) Shell Yes
63%
Dutch Cities (with over 150.000 population) Almere Yes
58%
Dutch companies (listed on the stock market of Amsterdam) ASML Yes
58%
Countries that where once in the Dutch Empire (or only a part of the country) Australia No
58%
Dutch Cities (with over 150.000 population) Breda Yes
58%
Dutch inventions CD Yes
58%
Countries that where once in the Dutch Empire (or only a part of the country) New Zealand No
58%
Dutch inventions Bluetooth Yes
54%
Dutch Cities (with over 150.000 population) Enschede Yes
54%
Dutch Cities (with over 150.000 population) Apeldoorn Yes
50%
Countries that where once in the Dutch Empire (or only a part of the country) India Yes
50%
Countries that where once in the Dutch Empire (or only a part of the country) Luxembourg Yes
50%
Countries that where once in the Dutch Empire (or only a part of the country) Mauritius Yes
50%
Countries that where once in the Dutch Empire (or only a part of the country) Ghana Yes
46%
Dutch inventions Gin Yes
46%
Countries that where once in the Dutch Empire (or only a part of the country) Taiwan Yes
42%
Countries that where once in the Dutch Empire (or only a part of the country) Brazil Yes
38%
Dutch inventions Fire hose Yes
38%
Dutch companies (listed on the stock market of Amsterdam) Just Eat Takeaway Yes
38%
Dutch inventions Speed Cameras Yes
38%
Countries that where once in the Dutch Empire (or only a part of the country) Sri Lanka Yes
38%
Dutch companies (listed on the stock market of Amsterdam) Magnum Ice Cream Yes
33%
Dutch inventions Windmile No
33%
Dutch inventions Submarine Yes
29%
Countries that where once in the Dutch Empire (or only a part of the country) Guyana Yes
25%
Dutch inventions Donut Yes
13%
No matching quizzes found
Score Distribution
Percent of People with Each Score
Percentile by Number Answered
Your Score History
You have not taken this quiz since the last reset